000 00627nam a2200169Ia 4500
008 230917s9999||||xx |||||||||||||| ||und||
020 _cGBP14.99
040 _e252132
_aMAIN
041 _aEnglish
082 _a641.5972 M642F
100 _aMilton, Jane
245 0 _aFood and cooking of mexico: South America and the caribbean: Explore the vibrant and exotic ingredients, techniques and culinary traditions, with over 350 sensational step-by-step recipes with over 1450 photographs
260 _aLondon
_bLorenz Books
_c2011
300 _a512 p.
500 _a3352 10/12/2018 HBD18/7577 11/12/2018 IHTM (SFS)
942 _cBK
999 _c29299
_d29299